| 000 | 00648pam a2200205 a 4500 | ||
|---|---|---|---|
| 001 | 3012926 | ||
| 005 | 20250712092343.0 | ||
| 008 | 940112r19951986miua b 001 0 eng | ||
| 020 |
_a0310415810 _qpbk. |
||
| 020 |
_a9780310415817 _q(pbk.) |
||
| 050 | 1 | 0 |
_aBT77 _bSWI |
| 082 | 0 | 0 |
_a230/.044 _220 |
| 100 | 1 | _aSwindoll, Charles R. | |
| 245 | 1 | 0 |
_aGrowing deep in the Christian life : _cCharles R. Swindoll. |
| 260 |
_aGrand Rapids, Mich. : _bZondervan, _cc1977 |
||
| 300 |
_a429 p. : _bill. ; _c23 cm. |
||
| 500 | _aOriginally published: Portland, Or. : Multnomah Press, c1986. | ||
| 650 | 0 |
_aTheology, Doctrinal _xPopular works. |
|
| 942 |
_2lcc _cBK _n0 |
||
| 999 |
_c6924 _d6924 |
||